[Event "RUS Rapid GP Top 16 2018"]
[Site "Khanty-Mansiysk"]
[Date "2018.12.03"]
[Round "12"]
[White "Yudin, Sergei"]
[Black "Shuvalova, Polina"]
[Result "1-0"]
[WhiteElo "2643"]
[BlackElo "2411"]
[Annotator "TA"]
[PlyCount "169"]
[EventDate "2018.12.01"]
[EventType "swiss"]
[EventCountry "RUS"]
[SourceTitle "playchess.com"]
[Source "ChessBase"]
[SourceQuality "1"]

{[%evp 14,169,30,27,16,30,8,15,19,-21,-8,-16,-10,-12,-3,-10,-34,-28,-16,-28,-10,-12,-8,0,-7,-12,0,-23,-4,-5,13,-7,0,-6,16,-15,-6,-18,-6,-14,0,-8,-11,-35,-17,-29,-40,-20,39,41,103,-38,-42,-75,-80,-111,0,0,25,0,0,-111,-110,-224,252,250,379,372,354,314,307,315,306,283,294,284,239,0,359,345,358,362,490,482,485,463,447,467,461,438,469,402,558,460,558,437,460,460,415,304,304,304,304,304,287,249,304,203,203,203,206,206,413,304,580,580,572,439,423,406,406,394,394,304,379,304,292,203,304,304,304,304,376,206,1145,1183,1675,1693,1477,1351,935,909,1637,1630,6218,6189,6099,6039,5700,5081,1953,1710,29971,5788,5376,5385,29984,29985]} 1. e4 c6 2. d4 d5 3. exd5 cxd5 4. Bd3 Nc6 5. c3 Nf6 6. h3 e5 7. dxe5 Nxe5 8. Qe2 {LiveBook: 26 Games. B13: Caro-Kann: Exchange Variation and Panov-Botvinnik Attack} Ne4 $146 ({Predecessor:} 8... Qe7 9. Bb5+ Bd7 10. Bxd7+ Nexd7 11. Nd2 Nc5 12. Ngf3 Qxe2+ 13. Kxe2 Bd6 14. Nb3 O-O 15. Be3 Na4 16. Rab1 Rfe8 17. Rhd1 Bf4 {1-0 (47) Polgar,J (2680)-Karpov,A (2619) Moscow 2009}) 9. Bb5+ Bd7 10. Nf3 {The position is equal.} Ng6 11. O-O Bc5 12. Be3 O-O {aiming for ...Bxe3.} 13. Bxd7 Qxd7 14. Bxc5 Nxc5 15. Nd4 Rfe8 16. Qf3 Ne5 17. Qd1 Nc4 18. b3 Nd6 19. Na3 Rac8 20. Rc1 Nce4 21. Qd3 h6 22. Rfd1 Qc7 23. Nb1 Red8 24. Re1 a6 25. f3 Nc5 26. Qd2 Nb5 27. Kh1 Qd7 28. Re5 Re8 29. Rce1 {Threatening Nf5.} Rxe5 30. Rxe5 {Black must now prevent Nf5.} Nxd4 (30... Qd6 $11 31. Re3 Nxd4 32. cxd4 Ne6) 31. Qxd4 $14 Qb5 (31... Ne6 $14 32. Rxd5 Qc6) 32. c4 (32. Rxd5 $16 Qc6 33. c4) 32... dxc4 $15 33. Nc3 Qd7 34. Nd5 {Threatens to win with b4.} Kh8 (34... cxb3 $17 35. axb3 Kh8) 35. Re7 $36 {[%mdl 2048] Black is under pressure.} Qf5 {Hoping for ...Ne6.} 36. bxc4 Ne6 37. Qb2 {[#]} (37. Qg4 $11 Qxg4 38. hxg4) 37... b5 $1 $17 38. Ra7 (38. Rd7 $17 {was called for.} bxc4 39. Ne7) 38... Rxc4 $4 {[%mdl 8192]} (38... bxc4 39. Qb7) (38... Rd8 $19 {and all is fine.} 39. Rxa6 bxc4) 39. Ne3 $18 Qf4 (39... Qd3 $142 40. Nxc4 bxc4) 40. Nxc4 bxc4 {[%mdl 4096] Endgame KQR-KQN} 41. Ra8+ ({Weaker is} 41. Rxa6 Nd4 $18) 41... Kh7 42. Qc2+ ({Less strong is} 42. Rxa6 Nd4 $16) 42... f5 43. Rc8 ({Resist} 43. Rxa6 $6 Nd4 $16) 43... Nc7 44. Rf8 Kg6 45. Rc8 $2 (45. Rd8 $18) 45... h5 $2 {[%mdl 8192]} (45... Kh7 $1 $11 {and Black stays safe.}) 46. Qc3 h4 47. a4 Qg3 48. Qxc4 Qe1+ 49. Kh2 Qg3+ 50. Kg1 Qe1+ 51. Qf1 Qe3+ 52. Kh1 Nd5 53. Rc1 Nf6 54. Re1 Qd2 55. Re6 a5 56. Qe1 Qa2 57. Re5 Qxa4 58. Qxa5 Qf4 59. Qc7 Qd4 {If only Black now had time for ...Nh5....} 60. Re1 Nh5 61. Kh2 Kh7 62. Qe5 Qd3 $2 (62... Qf4+ 63. Qxf4 Nxf4) 63. Re3 Qc2 $2 (63... Qb1 64. Re1 Qd3) 64. Rc3 Qb1 65. Rc7 Qd3 66. Rf7 Kg6 67. Qe6+ Nf6 68. Re7 {Qf7+ would kill now.} Kh6 69. Qe3+ Qxe3 70. Rxe3 {KR-KN} Kg5 (70... Nh5 {keeps fighting.} 71. Re6+ Kh7) 71. Kg1 Kf4 72. Kf2 g5 73. Ra3 (73. Rc3 $142) 73... g4 $2 (73... Nh5 74. Ra6 Ng7) 74. Ra4+ Kg5 75. f4+ Kg6 76. Ra6 Kf7 77. Ra5 Kg6 78. Ke3 gxh3 79. gxh3 Nh5 80. Ra6+ Kg7 81. Rb6 Kf7 82. Rh6 Nf6 {[#]} 83. Rxh4 (83. Rxf6+ $142 $1 {[%mdl 512]} Kxf6 84. Kd4 Ke6 85. Kc5 Ke7 86. Kd5 Kd7 87. Ke5 Ke7 88. Kxf5) 83... Kg7 84. Kd4 Nh7 85. Rxh7+ {Precision: White = 52%, Black = 36%.} 1-0

[Event "RUS Rapid GP Top 16 2018"]
[Site "Khanty-Mansiysk"]
[Date "2018.12.03"]
[Round "12"]
[White "Iljiushenok, Ilia"]
[Black "Maletina, Tatiana"]
[Result "1-0"]
[WhiteElo "2607"]
[BlackElo "2239"]
[Annotator "TA"]
[PlyCount "89"]
[EventDate "2018.12.01"]
[EventType "swiss"]
[EventCountry "RUS"]
[SourceTitle "playchess.com"]
[Source "ChessBase"]
[SourceQuality "1"]

{[%evp 19,89,29,30,24,18,27,25,0,34,28,32,18,33,38,56,-114,21,17,18,30,93,69,82,81,113,111,115,121,116,115,125,125,129,133,141,127,221,217,302,231,491,275,523,192,403,372,454,456,458,450,443,443,436,422,391,82,472,454,2229,2068,6414,6358,29973,12849,29980,29981,29978,29978,29982,29983,29983,29982]} 1. e4 c6 2. Nc3 d5 3. Nf3 Nf6 4. e5 Ne4 5. Ne2 Qb6 6. d4 {B11: Caro-Kann: Two Knights Variation} e6 7. Nfg1 f6 8. f3 Ng5 9. exf6 gxf6 10. f4 Ne4 {LiveBook: 27 Games} 11. Ng3 Bd7 12. Nxe4 dxe4 13. Nh3 $146 ({Predecessor:} 13. c3) 13... Na6 14. Qh5+ Kd8 15. c3 c5 16. d5 Kc7 17. Bc4 $2 {[#]} (17. dxe6 $14 {keeps the upper hand.} Qxe6 18. f5 $1 {[%mdl 512]} Qxf5 19. Bf4+ Bd6 20. Bxd6+ Kxd6 21. Qh6) 17... Be8 ({Black should play} 17... Nb4 $1 $17 {[%cal Rb4c2][%mdl 512] Threatens to win with ...Nc2+.} 18. O-O (18. cxb4 Qxb4+) 18... exd5 19. Bxd5 Nxd5 20. Qxd5 Qc6 21. Qxc6+ Kxc6) 18. Qe2 $11 exd5 19. Bxd5 Bc6 (19... Rd8 $1 $11 20. Bxe4 c4) 20. Bxc6 ({Not} 20. Bxe4 $2 Re8 $19) (20. Bc4 {with more complications.} Rd8 21. f5 Kc8 22. O-O Bd6 23. a4) 20... Qxc6 21. f5 Bd6 22. Bf4 Rae8 23. O-O-O Bxf4+ 24. Nxf4 Kb8 25. Qe3 Nc7 26. g4 Re5 27. Rd2 Rhe8 (27... Nd5 $16 {was necessary.} 28. Nxd5 Rxd5) 28. Rhd1 $18 {White wants to mate with Rd8+.} a6 29. a3 Qa4 $2 (29... Nb5 30. Kb1 Rc8) 30. Rd7 (30. Nh5 $142) 30... Qb3 $2 (30... Nb5 {is a better defense.} 31. Rxh7 Qc4) 31. R1d6 $2 (31. Nh5) 31... Rg8 $2 (31... Rf8 32. Rxh7 Nd5 33. Rxd5 Rxd5 34. Nxd5 Qxd5) 32. h3 Rge8 33. Rxf6 Nd5 34. Nxd5 Rxd5 35. Rxd5 Qxd5 {[%mdl 4096] Endgame KQR-KQR} 36. Qd2 Qc4 {intending ...e3.} 37. Qd6+ $2 (37. Qd7 $18 {has better winning chances.} Rc8 38. Re6) 37... Ka8 $2 {[%mdl 8192]} (37... Ka7 $16 38. Qb6+ Kb8) 38. Re6 Rxe6 (38... Rc8 $142 39. Qd1 Rb8) 39. fxe6 {KQ-KQ} ({Weaker is} 39. Qxe6 Qe2 $16) 39... Qf1+ 40. Kc2 e3 41. e7 Qe2+ 42. Kc1 {White mates.} Qf1+ 43. Qd1 e2 44. e8=Q+ {[%mdl 64] Double Attack} Ka7 45. Qexe2 {Accuracy: White = 55%, Black = 20%.} 1-0

[Event "RUS Rapid GP Top 16 2018"]
[Site "Khanty-Mansiysk"]
[Date "2018.12.03"]
[Round "12"]
[White "Demidov, Mikhail"]
[Black "Kabanov, Nikolai"]
[Result "1-0"]
[WhiteElo "2586"]
[BlackElo "2403"]
[Annotator "TA"]
[PlyCount "139"]
[EventDate "2018.12.01"]
[EventType "swiss"]
[EventCountry "RUS"]
[SourceTitle "playchess.com"]
[Source "ChessBase"]
[SourceQuality "1"]

{[%evp 9,139,30,31,3,28,22,22,4,18,18,20,12,24,19,26,33,31,20,41,45,73,87,115,69,97,64,50,38,110,98,98,112,206,216,151,110,101,79,64,29,30,34,36,27,38,35,45,38,60,30,27,24,18,21,62,49,71,77,83,89,133,10,31,23,25,28,483,379,1014,847,827,814,1331,596,578,547,5618,5293,1416,1055,6033,5637,29981,29982,29980,29980,6291,18,19,0,0,0,0,0,0,0,0,0,146,132,196,197,373,295,281,360,371,239,237,218,548,226,226,213,266,266,251,251,393,179,464,297,585,481,1094,377,377,381,359,350,29982,29983]} 1. d4 d6 2. Nc3 Nd7 (2... Nf6 3. e4 c6 4. f4 Qa5 5. e5 Ne4 6. Qf3 d5 7. Bd3 f5 8. exf6 exf6 9. Bd2 Nxd2 10. Kxd2 Bd6 11. Re1+ Kd8 12. Nge2 Qc7 13. g3 Nd7 14. f5 Nb6 {1-0 (66) Vallejo Pons,F (2666)-Bezold,M (2547) Munich 2016}) 3. g3 e5 4. Bg2 g6 $146 ({Predecessor:} 4... c6 5. a4 Ngf6 6. e4 Be7 7. Nf3 a5 8. O-O O-O 9. b3 Re8 10. Bb2 Qb6 11. h3 exd4 12. Qxd4 Qxd4 13. Nxd4 Nc5 14. Rfe1 Bd8 15. Rad1 Bc7 16. f4 Bd7 {1-0 (72) Rotstein,J (2332)-Willems,M (2060) Bad Homburg 2011}) 5. dxe5 dxe5 6. e4 {A41: 1 d4 d6: Tartakower System and Modern Defence} Bg7 7. b3 Ngf6 8. Ba3 {The position is equal.} Bf8 9. Bb2 Bc5 10. Nge2 h5 {[%cal Bh7h5,Bh5h4][%mdl 32]} 11. h3 c6 12. Qd2 Qe7 13. f4 h4 14. O-O-O Ba3 15. Bxa3 Qxa3+ 16. Kb1 Qe7 17. f5 hxg3 18. Nxg3 Nh5 (18... Nc5 $14) 19. Nxh5 $16 gxh5 20. Bf1 Nf6 (20... a6 $16) 21. Qe3 $18 Bd7 22. Rg1 b6 23. Na4 {[%cal Bc3a4,Ba4b2,Bb2c4][%mdl 32]} Kd8 24. Nb2 Kc7 25. Nc4 Rhg8 26. Bd3 Rae8 27. Kb2 Bc8 28. a4 {[%cal Ba2a4,Ba4a5][%mdl 32]} Ba6 29. a5 Bxc4 $1 30. Bxc4 Rxg1 31. Rxg1 Rg8 32. Ra1 {And now axb6+ would win.} Kb7 33. Ba6+ Kc7 34. Be2 $36 {[%mdl 2048] Keeping Black busy.} Rb8 35. Rg1 (35. axb6+ $16 axb6 36. Ra7+ Rb7 37. Ra8) 35... Qb4 36. Rg7 Rf8 37. Bc4 Qxa5 $2 {[%mdl 8192]} (37... Qe7 $11 {and Black is okay.}) 38. Qg5 Nd7 $2 (38... Qc3+ 39. Kxc3 Nxe4+ 40. Kb2 Nxg5) 39. Bxf7 Qb4 40. Be6 Rd8 {[#]} 41. Qxh5 (41. Qxd8+ $142 $3 {[%mdl 512]} Kxd8 42. Rxd7+ {[%mdl 64] Double Attack} Ke8 43. f6) 41... Qd4+ 42. Kb1 Qxe4 43. Qh7 {[%cal Rg7d7]} Qd4 44. f6 e4 45. Bxd7 {Threatening mate with Bg4+.} Rxd7 46. Rxd7+ Qxd7 {[%mdl 4096] Endgame KQ-KQ} 47. f7 e3 48. Qh5 $2 (48. Qg7 $18 e2 49. Qe5+ {[%mdl 64] Double Attack} Qd6 50. Qxd6+ Kxd6 51. f8=Q+ Ke6 52. Qf2) 48... Qe7 $11 49. Kb2 e2 {[#]} 50. Qxe2 $1 {[%mdl 512]} Qxe2 51. f8=Q {KQ-KQ} Qe5+ 52. Kb1 Qe1+ 53. Ka2 Qa5+ (53... Qc3 $11 {keeps the balance.}) 54. Qa3 $16 {Strongly threatening Qxa5.} Qc3 (54... Qd2 $16) 55. Qxa7+ $18 Kc8 $2 {[#]} (55... Kd6 {is a better defense.}) 56. Qa6+ $1 Kc7 {[#]} 57. Qd3 $1 {[%cal Rd3c3]} Qa5+ 58. Kb1 Qe1+ 59. Kb2 b5 $2 (59... Qh4 60. Qe3 Kb7) 60. Qc3 (60. Qd4 $142 Qe8 61. h4) 60... Qh4 61. Qg7+ Kd6 62. Qg4 Qf6+ 63. Ka2 Qc3 (63... c5 $142 64. h4 Qf2) 64. Qf4+ (64. Qg6+ $142 Ke7 65. h4) 64... Kc5 $2 (64... Ke7) 65. Qf5+ Kb4 $2 (65... Kb6 {was necessary.} 66. h4 c5) 66. Qd3 Qf6 (66... Qe5 $142 67. h4 Qe8 68. Qd4+ Ka5) 67. Qe4+ $2 (67. Qe3 Qf7 68. h4) 67... Kc3 68. h4 Kd2 69. Qg2+ Kc1 $2 (69... Kd1 $18 70. h5 Qh4) 70. Qg5+ {Accuracy: White = 52%, Black = 32%.} 1-0

[Event "RUS Rapid GP Top 16 2018"]
[Site "Khanty-Mansiysk"]
[Date "2018.12.03"]
[Round "12"]
[White "Maltsevskaya, Aleksandra"]
[Black "Chigaev, Maksim"]
[Result "0-1"]
[WhiteElo "2247"]
[BlackElo "2671"]
[Annotator "TA"]
[PlyCount "134"]
[EventDate "2018.12.01"]
[EventType "swiss"]
[EventCountry "RUS"]
[SourceTitle "playchess.com"]
[Source "ChessBase"]
[SourceQuality "1"]

{[%evp 17,134,53,34,33,31,18,36,0,0,4,11,0,0,0,0,0,0,-7,-9,-27,-20,-24,-22,-33,-29,-27,-29,-33,-28,-28,-28,-33,-19,-24,-22,-89,-24,-108,-108,-112,-116,-99,-46,-45,-55,-58,0,-39,-31,-32,-19,-40,-42,-38,0,0,0,0,0,0,0,-22,0,-5,0,0,0,-7,0,0,260,257,323,0,0,0,0,0,0,0,24,0,91,83,83,85,110,40,39,39,40,38,89,0,0,0,95,0,97,91,86,-29960,-29962,-29961,-29964,-29963,-29963,-29967,-29968,-29972,-6150,-1535,0,-29972,-29974,-29967,-5365,-6544,-1428]} 1. Nf3 Nf6 2. g3 g6 3. Bg2 Bg7 4. O-O O-O 5. d4 d6 6. b3 e5 7. dxe5 {A49: 1 d4 Nf6 2 Nf3 g6 3 g3: Anti-King's Indian systems} Nfd7 8. Bg5 Qe8 9. Nc3 dxe5 {LiveBook: 4 Games} 10. Qd2 $146 ({Predecessor:} 10. Nd5 Na6 11. Ne7+ Kh8 12. Nxc8 Rxc8 13. e4 Nac5 14. Nd2 Ne6 {0-1 (55) Matlakov,M (2694)-Onischuk,V (2601) Doha 2016}) 10... Na6 11. Rad1 Ndc5 12. Qe3 f6 13. Bh6 Bxh6 14. Qxh6 c6 15. Nd2 Qe7 16. Nde4 Bf5 17. Nxc5 Nxc5 18. e4 Bg4 19. Rd2 Rad8 20. h3 Rxd2 21. Qxd2 Rd8 22. Qe3 Bc8 23. Rd1 {Hoping for Rxd8+.} b6 24. Qe1 Ne6 (24... a5 {is interesting.} 25. h4 Kf7 26. Kh2 Be6 27. f3 Rd7) 25. Rxd8+ Qxd8 26. Qd1 (26. Nd1 $11 {keeps the balance.}) 26... Qe7 (26... Qd4 $17 27. Qe1 Qb4) 27. Qc1 (27. h4 $11) 27... Nd4 $1 $17 {White must now prevent ...Qb4.} 28. Kh2 Qc5 29. Qd2 b5 (29... Kg7 $17) 30. Qe3 $1 $15 Qb6 31. Qd3 Qc5 32. Qe3 $1 Qd6 33. Qd3 Kf7 34. Ne2 Ke7 35. c3 Nxe2 (35... Ne6 $5 {[%cal Rd6d3]} 36. Nc1 Qxd3 37. Nxd3 Kd6 $15) 36. Qxe2 Qc5 37. Qd2 Be6 38. h4 a5 39. Kg1 h5 40. Kh2 b4 41. cxb4 axb4 42. Bf1 Bf7 43. Kg1 Be6 $2 {[%mdl 8192]} (43... Qd4 $11 {and Black is okay.} 44. Qh6 Qa1) 44. Qh6 $18 Bf7 45. Qd2 $2 (45. Qh7 $18 Ke8 46. Qh8+ Ke7 47. Qg7) 45... Qc3 46. Qe2 Be6 47. Qa6 Bd7 48. Qa7 Qc2 49. Bh3 f5 (49... Qd1+ $1 $11 {remains equal.} 50. Bf1 Qd4) 50. exf5 $16 gxf5 51. Qe3 $36 {[%mdl 2048] Black is under strong pressure.} Qd1+ 52. Kh2 (52. Bf1 $1 $16) 52... Qd4 $14 53. Qg5+ Kd6 54. Kg1 Qd1+ {[#]} (54... c5 $1 $14) 55. Kg2 ({Better is} 55. Bf1 $1 $16) 55... Qd5+ $11 56. Kg1 (56. f3 $11) 56... Qd1+ $16 {[#]} 57. Kg2 ({White should try} 57. Bf1 $1 $16) 57... e4 (57... Qd5+ $11 58. Kg1 Qd1+) 58. Qf4+ Kd5 59. Bxf5 $4 {[%mdl 8192] [#]} (59. Kh2 $16) 59... Qf3+ $1 {[%mdl 512]} 60. Qxf3 exf3+ 61. Kxf3 Bxf5 {[%mdl 4096] Endgame KB-KP} 62. Ke3 Bb1 63. Kd2 Be4 (63... Ke4 $142 64. Kc1 Kf3 65. Kxb1 Kxf2 66. Kc2 Kxg3 67. Kd3 Kxh4 68. Kc4 Kg3 69. Kxb4 h4 70. Kc5 h3 71. Kxc6 h2 72. Kb6 h1=Q 73. b4 Qa8 74. a3 Qxa3 75. b5 Qb4 76. Kc6 Kf3 77. b6 Ke4 78. b7 Ke5 79. b8=R Qxb8 80. Kc5 Qb3 81. Kc6 Qd5+ 82. Kc7 Qb5 83. Kd8 Kd6 84. Kc8 Qb1 85. Kd8 Qb8#) 64. Ke3 $19 Bb1 (64... c5 $19 65. g4 hxg4) 65. Kd2 Ke4 66. Kc1 Bd3 (66... Kf3 $142 67. Kxb1 Kxf2 68. Kc2 Kxg3 69. Kd2 Kxh4 70. Kd3 Kg3 71. Kd4 h4 72. Kc5 h3 73. Kxc6 h2 74. Kb5 h1=Q 75. Kc5 Qb7 76. Kc4 Qb6 77. Kd5 Kf4 78. Kc4 Ke4 79. a3 bxa3 80. b4 a2 81. Kb3 a1=Q 82. b5 Qe3+ 83. Kc4 Qad4#) 67. Kb2 Ke5 {Accuracy: White = 53%, Black = 41%.} (67... Kf3 $142 68. Kc1 Kxf2) 0-1

[Event "RUS Rapid GP Top 16 2018"]
[Site "Khanty-Mansiysk"]
[Date "2018.12.03"]
[Round "13"]
[White "Sjugirov, Sanan"]
[Black "Maltsevskaya, Aleksandra"]
[Result "1-0"]
[WhiteElo "2722"]
[BlackElo "2247"]
[Annotator "TA"]
[PlyCount "69"]
[EventDate "2018.12.01"]
[EventType "swiss"]
[EventCountry "RUS"]
[SourceTitle "playchess.com"]
[Source "ChessBase"]
[SourceQuality "1"]

{[%evp 14,69,26,20,41,1,85,62,175,173,170,189,168,168,188,191,316,320,303,308,311,326,320,312,314,299,354,340,309,166,160,139,233,216,209,217,216,208,200,212,198,194,374,376,456,400,436,456,449,439,495,471,510,443,633,599,762,759]} 1. e4 c6 2. d4 d5 3. e5 Bf5 4. Nf3 e6 5. Be2 c5 6. O-O Nc6 7. c3 Bg6 8. a3 {LiveBook: 18 Games. B12: Caro-Kann: Advance Variation} c4 (8... cxd4 9. cxd4 Nge7 10. b4 Nc8 11. Bg5 Be7 12. Bxe7 Qxe7 13. Nbd2 Nb6 14. Rc1 O-O 15. Qb3 a5 16. bxa5 Nc4 17. Nxc4 dxc4 18. Qxc4 Rxa5 19. a4 {½-½ (19) Dominguez Perez,L (2739)-Mamedyarov,S (2768) Doha 2016}) 9. Nbd2 $146 {[%cal Bb1d2,Bd2c4,Bc4d6][%mdl 32]} ({Predecessor:} 9. Be3 Nh6 10. Bxh6 gxh6 11. Ne1 Qb6 12. Ra2 Be7 13. Nd2 O-O-O 14. f4 f6 15. exf6 Bxf6 {1-0 (33) Liu,Q (2483)-Paragua,M (2521) Ho Chi Minh City 2012}) 9... Qb6 (9... Be7 $11) 10. Nh4 {White is better.} Nge7 {[#]} (10... Na5 $14) 11. Bxc4 $1 $18 {[%mdl 512]} dxc4 12. Nxc4 Qc7 {[#]} 13. Nd6+ $1 Kd7 14. c4 Nxd4 (14... Nf5 {was necessary.}) 15. Be3 {[%cal Bc1e3,Be3d4,Bd4g7][%mdl 32]} ({Weaker is} 15. Qxd4 Nc6 $16) 15... Nec6 16. Bxd4 Bxd6 17. exd6 Qxd6 18. Bxg7 Rhg8 19. Qf3 Ke8 20. Rad1 Qc5 21. Nxg6 (21. Qc3 $142) 21... Rxg7 22. Nf4 {aiming for Nh5.} Qf5 (22... Qxc4 $16 {keeps fighting.} 23. h4 Rd8) 23. Nh5 Rg6 24. Qxf5 exf5 25. Rfe1+ Kf8 26. Nf4 Rh6 27. Rd7 Na5 $2 (27... b6 28. Red1 Ne5) 28. Ree7 Re8 29. Rxf7+ {[%mdl 64] Double Attack} Kg8 {[%cal Re8e1]} 30. g3 {White is clearly winning.} Nxc4 31. Rxb7 Ne5 32. Rg7+ Kh8 33. Kg2 Ng4 (33... a6 $142 34. Rgc7 Ra8) 34. h3 Nf6 35. Rxa7 {Accuracy: White = 78%, Black = 19%.} 1-0

[Event "RUS Rapid GP Top 16 2018"]
[Site "Khanty-Mansiysk"]
[Date "2018.12.03"]
[Round "13"]
[White "Chigaev, Maksim"]
[Black "Bocharov, Dmitry"]
[Result "1/2-1/2"]
[WhiteElo "2671"]
[BlackElo "2684"]
[Annotator "TA"]
[PlyCount "31"]
[EventDate "2018.12.01"]
[EventType "swiss"]
[EventCountry "RUS"]
[SourceTitle "playchess.com"]
[Source "ChessBase"]
[SourceQuality "1"]

{[%evp 11,31,22,35,13,14,1,11,0,0,0,0,0,0,0,20,9,0,10,8,6,20,0]} 1. e4 c5 2. Nf3 {[%cal Bg1f3,Bf3d2,Bd2c4][%mdl 32]} d6 3. Nc3 a6 4. g3 Nc6 5. Bg2 e5 (5... Bg4 6. h3 Bxf3 7. Bxf3 g6 8. Bg2 Bg7 9. O-O Nf6 10. d3 O-O 11. Bg5 Rc8 12. Qd2 Qa5 13. Nd1 Qxd2 14. Bxd2 {½-½ (59) Artemiev,V (2706)-Nepomniachtchi,I (2759) Sochi 2018}) 6. d3 {B50: Sicilian: 2...d6, Miscellaneous} g6 {LiveBook: 3 Games} 7. Nd2 Bg7 {The position is equal.} 8. a4 Rb8 9. Nc4 b5 10. axb5 axb5 11. Ne3 Nge7 12. h4 h5 $146 13. O-O O-O 14. Ncd5 Nxd5 15. Nxd5 Ne7 16. Ne3 1/2-1/2

[Event "RUS Rapid GP Top 16 2018"]
[Site "Khanty-Mansiysk"]
[Date "2018.12.03"]
[Round "13"]
[White "Pridorozhni, Aleksei"]
[Black "Iljiushenok, Ilia"]
[Result "1/2-1/2"]
[WhiteElo "2631"]
[BlackElo "2607"]
[Annotator "TA"]
[PlyCount "69"]
[EventDate "2018.12.01"]
[EventType "swiss"]
[EventCountry "RUS"]
[SourceTitle "playchess.com"]
[Source "ChessBase"]
[SourceQuality "1"]

{[%evp 14,69,8,29,20,14,24,25,71,77,54,6,16,5,14,7,10,14,5,0,0,0,0,0,0,0,0,0,0,0,0,0,0,0,0,0,0,0,0,0,0,0,0,-21,0,0,0,0,0,0,0,0,0,0,0,0,0,0]} 1. e4 e5 2. f4 d5 3. exd5 c6 4. Nc3 exf4 5. Nf3 Bd6 6. Bc4 {C31: Falkbeer Counter Gambit: 3 exd5 c6 and 3...e4 sidelines.} Ne7 (6... Nf6 7. Qe2+ Kf8 8. O-O Bg4 9. d4 Nbd7 10. dxc6 bxc6 11. h3 Bh5 12. Qf2 Qc7 13. Ng5 h6 {1-0 (33) Zvjaginsev,V (2629)-Balashov,Y (2434) Tula 2018}) 7. O-O O-O 8. d4 {LiveBook: 13 Games} b5 $146 ({Predecessor:} 8... cxd5 9. Nxd5 Ng6 10. Ne5 Bxe5 11. dxe5 Be6 12. Bxf4 Nc6 13. Bb3 Nxf4 14. Rxf4 Nxe5 {½-½ (14) Asis Gargatagli,H (2406)-Alonso Garcia,R (2393) Montcada 2010}) 9. Bb3 b4 10. Ne4 {And now dxc6 would win.} Nxd5 11. Nxd6 Qxd6 12. Ne5 Nd7 {The position is equal.} 13. Bxf4 Nxf4 14. Rxf4 Nxe5 15. dxe5 Qxe5 16. Qd4 Qxd4+ 17. Rxd4 c5 18. Rc4 Be6 19. Rxc5 Rfc8 20. Rxc8+ Rxc8 21. Rd1 Bxb3 22. axb3 $11 {[%mdl 4096] Endgame KR-KR} Kf8 23. Rd2 Ke7 24. Kf2 Ke6 25. Ke3 a5 26. Re2 Rc5 27. Kd4+ Kd6 28. c4 bxc3 29. bxc3 Rd5+ 30. Kc4 Rc5+ 31. Kd3 Rd5+ 32. Kc2 Rf5 33. h3 h5 34. Kd3 Rd5+ 35. Ke4 {Accuracy: White = 84%, Black = 83%.} 1/2-1/2

[Event "RUS Rapid GP Top 16 2018"]
[Site "Khanty-Mansiysk"]
[Date "2018.12.03"]
[Round "13"]
[White "Sarana, Alexey"]
[Black "Morozevich, Alexander"]
[Result "0-1"]
[WhiteElo "2617"]
[BlackElo "2696"]
[Annotator "TA"]
[PlyCount "76"]
[EventDate "2018.12.01"]
[EventType "swiss"]
[EventCountry "RUS"]
[SourceTitle "playchess.com"]
[Source "ChessBase"]
[SourceQuality "1"]

{[%evp 25,76,0,7,-10,-17,-65,-49,-76,-16,-20,-37,-40,0,0,0,0,0,-23,0,0,0,0,0,0,0,0,0,0,0,0,-6,-14,-6,-8,-10,-20,-3,-23,-13,-105,-114,-251,-256,-253,-248,-247,-246,-710,-696,-707,-683,-29974,-29972]} 1. d4 Nf6 2. c4 c5 3. d5 g6 4. Nc3 Bg7 5. e4 d6 6. Bd3 O-O 7. h3 e6 8. Nf3 exd5 9. cxd5 b5 10. Nxb5 Nxe4 11. Bxe4 Re8 {[%cal Bf8e8,Be8e4,Be4b4][%mdl 32]} 12. O-O Rxe4 13. Bg5 {A70: Modern Benoni: 6 e4 g6 7 Nf3} f6 {[#] LiveBook: 4 Games} 14. Nc3 $146 ({Predecessor:} 14. Be3 Qb6 15. Nc3 Re8 16. Qd2 Nd7 17. Rae1 Ba6 18. Na4 Qb7 19. Bf4 Bxf1 20. Rxf1 Ne5 {0-1 (41) Labeckas,K (2611)-Mihajlovic,V (2357) playchess.com INT 2007}) 14... Rb4 15. Bh4 {The position is equal.} Nd7 16. Re1 Ne5 ({Better is} 16... Rxb2 $17 {Threatening ...Rab8.} 17. Rb1 Rxb1 18. Qxb1 Qf8) 17. Nxe5 $11 dxe5 18. d6 Rd4 (18... Kh8 $5 {[%cal Rb4h4]} 19. Ne4 Bf5 $15) 19. Qf3 Rb8 20. Rxe5 $1 Bb7 $1 {[%cal Rb7f3]} ({Reject} 20... Rxd6 $6 21. Rae1 $16) 21. Qg3 Rxh4 22. Re7 Rd4 $1 {[%cal Rd4d6]} 23. d7 $1 {Black must now prevent Qxb8!} Qxe7 24. Qxb8+ {[%mdl 64] [#] Double Attack} Kf7 25. Qxb7 {Hoping for Nd5.} Qxd7 26. Qa6 f5 27. Re1 Bf6 28. Qa5 c4 29. Qc5 Kg7 30. a4 a6 31. Kf1 h5 32. Ne2 {[#]} (32. Re2 $11) 32... Rd1 $1 $17 33. Qb4 (33. f3 $17 {was worth a try.}) 33... Qd3 $40 {[%mdl 128] Black is out for blood.} 34. Rxd1 Qxd1+ 35. Qe1 Qxa4 36. Nf4 $2 (36. Qc1) 36... c3 {[%mdl 64] aiming for ...Qc4+. Discovered Attack} 37. Ne6+ Kf7 38. b4 Qxb4 {Accuracy: White = 32%, Black = 71%.} 0-1